• 首页
  • 本馆介绍
  • 公告通知
  • 最新文献
  • 馆藏检索
  • 电子资源
  • 读者导购
  • 参考咨询
  • 我的图书馆
  • 登录
  • 详细信息显示
  • 放入我的书架
  • 预约/预借图书
  • 作者相关作品
  • 分类相关作品
  • 丛书相关作品
  • 出版社相关作品

书目信息

  • 表格格式
  • 工作单格式
  • 卡片格式
题名:
传媒巨人
    
 
作者: 宿景祥 , 梁建武 编著
分册:  
出版信息: 北京   光明日报出版社  1997.05
页数: 427页
开本: 20cm
丛书名: 《世界超级经济巨人》系列
单 册:
中图分类: K836.115.3
科图分类:
主题词:
电子资源:
ISBN: 7-80091-968-4
000 00743nam2 2200241 450
001 0197039693
005 19971202084546.0
010    @a7-80091-968-4@dCNY28.00
100    @a19971118d1997 em y0chiy0121 ea
101 0  @achi
102    @aCN@b110000
105    @af z 000yb
200 10 @a传媒巨人@Achuan mei ju ren@e默多克@f宿景祥,梁建武编著@Fsu jing xiang,liang jian wu bian zhu
210    @a北京@c光明日报出版社@d1997.05
215    @a427页@c照片@d20cm
225 2  @a《世界超级经济巨人》系列
410  0 @120010@a世界超级经济巨人系列
600  1 @a默多克@bG.L.@x传记
690    @aK836.115.3@v3
701  0 @a宿景祥@Asu jing xiang@4编著
701  0 @a梁建武@Aliang jian wu@4编著
801  0 @aCN@bNLC@c19971202
905    @aBZT@dK836.115.3@e1
    
    传媒巨人:默多克/宿景祥,梁建武编著.-北京:光明日报出版社,1997.05
    427页:照片;20cm.-(《世界超级经济巨人》系列)
    
    
    ISBN 7-80091-968-4:CNY28.00
    
●
相关链接 在五车中查询图书 在当当中查询图书 在豆瓣中查询图书


正题名:传媒巨人     索取号:K836.115.3/1         预约/预借

序号 登录号 条形码 馆藏地/架位号 状态 备注
山东省滨州职业学院图书馆 欢迎您!
大连网信软件有限公司© 版权所有